| Поле | Инд. | ПП | Название | Значение |
|---|---|---|---|---|
| Тип записи | a | |||
| Библиографический уровень | m | |||
| 001 | Контрольный номер | 09051f33-633d-4fa8-a6ba-63113da893d6 | ||
| 005 | Дата корректировки | 20140703165325.9 | ||
| 008 | Кодируемые данные | 080715 | ||
| 020 | a | ISBN | 978-5-484-00845-2 | |
| a | ISBN | 5-484-00845-X | ||
| c | Цена, тираж | 220.00 | ||
| 040 | a | Служба первич. каталог. | НБ ТвГУ | |
| 041 | a | Код языка текста | rus | |
| h | Код языка оригинала | fre | ||
| 080 | a | Индекс УДК | 51(091) | |
| 084 | a | Индекс другой классификации/Индекс ББК | В1г(0) | |
| 090 | x | Авторский знак | Б91 | |
| a | Полочн. индекс | В1г(0) | ||
| 100 | 1_ | a | Автор | Бурбаки Никола |
| 242 | _0 | a | Перевод заглавия | Elements d'histoire des mathematiques |
| 245 | 00 | a | Заглавие | Очерки по истории математики |
| c | Ответственность | Н. Бурбаки ; пер. с фр. И. Г. Башмаковой ; под ред и с предисл. К. А. Рыбникова | ||
| 250 | a | Основные сведения об издании | Изд. 3-е, стер. | |
| 260 | 0_ | a | Место издания | Москва |
| b | Издательство | URSS | ||
| c | Дата издания | 2007 | ||
| 300 | a | Объем | 291, [1] с. | |
| 504 | a | Библиография | Библиогр.: с. 262-285. - Имен. указ.: с. 286-291. | |
| 583 | a | Действие | Получение впервые 168 15.07.2008 | |
| k | Исполнитель действия | ОАО "БИБКОМ" | ||
| 650 | a | Основная рубрика | Математика | |
| x | Основная подрубрика | История | ||
| 653 | a | Ключевые слова | Математика | |
| a | Ключевые слова | История математики | ||
| 700 | 1_ | a | Другие авторы | Башмакова И. Г. |
| e | Роль лиц | пер. | ||
| 700 | 1_ | a | Другие авторы | Рыбников К. А. |
| e | Роль лиц | ред., , авт. предисл. | ||
| 852 | t | Порядковый номер экземпляра | 15 | |
| p | Инвентарный номер | 914278 | ||
| p | Инвентарный номер | 914279 | ||
| p | Инвентарный номер | 914280 | ||
| p | Инвентарный номер | 914281 | ||
| p | Инвентарный номер | 914282 | ||
| p | Инвентарный номер | 914283 | ||
| p | Инвентарный номер | 914284 | ||
| p | Инвентарный номер | 914285 | ||
| p | Инвентарный номер | 914286 | ||
| p | Инвентарный номер | 914287 | ||
| p | Инвентарный номер | 914288 | ||
| p | Инвентарный номер | 914289 | ||
| p | Инвентарный номер | 914290 | ||
| p | Инвентарный номер | 914291 | ||
| p | Инвентарный номер | 914292 | ||
| 863 | t | 00236570 | ||
| 863 | t | 00236571 | ||
| 863 | t | 00236572 | ||
| 863 | t | 00236573 | ||
| 863 | t | 00236574 | ||
| 863 | t | 00236575 | ||
| 863 | t | 00236576 | ||
| 863 | t | 00236577 | ||
| 863 | t | 00236578 | ||
| 863 | t | 00236579 | ||
| 863 | t | 00236580 | ||
| 863 | t | 00236581 | ||
| 863 | t | 00236582 | ||
| 863 | t | 00236583 | ||
| 863 | t | 00236584 | ||
| 888 | a | За счет средств университета | ||
| 952 | p | 168.2008 220.00 1 914278 | ||
| p | 168.2008 220.00 1 914279 | |||
| p | 168.2008 220.00 1 914280 | |||
| p | 168.2008 220.00 1 914281 | |||
| p | 168.2008 220.00 1 914282 | |||
| p | 168.2008 220.00 1 914283 | |||
| p | 168.2008 220.00 1 914284 | |||
| p | 168.2008 220.00 1 914285 | |||
| p | 168.2008 220.00 1 914286 | |||
| p | 168.2008 220.00 1 914287 | |||
| p | 168.2008 220.00 1 914288 | |||
| p | 168.2008 220.00 1 914289 | |||
| p | 168.2008 220.00 1 914290 | |||
| p | 168.2008 220.00 1 914291 | |||
| p | 168.2008 220.00 1 914292 | |||
| c | Вид литературы | К ру | ||
| 954 | a | Дата поступления на обработку | 20080815 | |
| 999 | a | Подразделение 2 | Фил3 |